<?xml version="1.0" encoding="UTF-8"?>
<marc:record xmlns:marc="http://www.loc.gov/MARC21/slim">
   <marc:leader>00000nam a2200000 a 4500</marc:leader>
   <marc:datafield ind1="1" ind2=" " tag="100">
      <marc:subfield code="a">Jewell, Lisa</marc:subfield>
      <marc:subfield code="4">aut</marc:subfield>
      <marc:subfield code="e">Verfasser/-in</marc:subfield>
   </marc:datafield>
   <marc:datafield ind1=" " ind2=" " tag="653">
      <marc:subfield code="a">Krimis, Thriller, Spionage</marc:subfield>
   </marc:datafield>
   <marc:datafield ind1=" " ind2=" " tag="653">
      <marc:subfield code="a">Thriller</marc:subfield>
   </marc:datafield>
   <marc:datafield ind1=" " ind2=" " tag="653">
      <marc:subfield code="a">Familiendrama</marc:subfield>
   </marc:datafield>
   <marc:datafield ind1="0" ind2="0" tag="245">
      <marc:subfield code="a">Die Nacht Ihres Verschwindens</marc:subfield>
   </marc:datafield>
   <marc:datafield ind1="0" ind2="0" tag="245">
      <marc:subfield code="c">Jewell, Lisa</marc:subfield>
   </marc:datafield>
   <marc:datafield ind1=" " ind2="1" tag="264">
      <marc:subfield code="a">Erlangen</marc:subfield>
      <marc:subfield code="b">Ronin-Hörverlag, ein Imprint von Omondi GmbH</marc:subfield>
      <marc:subfield code="c">2026</marc:subfield>
   </marc:datafield>
   <marc:datafield ind1=" " ind2=" " tag="250">
      <marc:subfield code="a">Deutsche Erstausgabe</marc:subfield>
   </marc:datafield>
   <marc:datafield ind1="1" ind2=" " tag="520">
      <marc:subfield code="a">Eine verschwundene junge Mutter. Eine Spur im Dunkeln. Ein Geheimnis, das niemand vergessen kann. &#xD;
&#xD;
Die 19-jährige Tallulah – Mutter eines kleinen Jungen – verschwindet nach einem Abend mit ihrem Freund Zach spurlos. Für ihre Mutter Kim beginnt eine verzweifelte Suche, die sie an die Grenzen der Hoffnung treibt.&#xD;
&#xD;
 Ein Jahr später stößt die Schriftstellerin Sophie in dem kleinen Dorf auf rätselhafte Hinweise: ein verlorener Ring, ein versteckter Tunnel, ein altes Verbrechen. Je tiefer sie in die Vergangenheit eintaucht, desto deutlicher offenbart sich ein Netz aus Lügen und dunklen Verstrickungen: Zachs bedrohliche Kontrolle, ein Lehrer, der alte Rechnungen begleichen will, und ein Schuldirektor, dessen Doppelleben tödliche Folgen hatte. Und mittendrin Scarlett – verführerisch, gefährlich, unwiderstehlich. &#xD;
&#xD;
Doch was wirklich in jener Nacht geschah, ist weitaus erschreckender, als jemand ahnen konnte … </marc:subfield>
   </marc:datafield>
   <marc:datafield ind1=" " ind2=" " tag="020">
      <marc:subfield code="a">9783989555761</marc:subfield>
      <marc:subfield code="9">9783989555761</marc:subfield>
   </marc:datafield>
   <marc:datafield ind1=" " ind2=" " tag="020">
      <marc:subfield code="a">3989555766</marc:subfield>
      <marc:subfield code="9">3989555766</marc:subfield>
   </marc:datafield>
   <marc:datafield ind1=" " ind2=" " tag="041">
      <marc:subfield code="a">ger</marc:subfield>
   </marc:datafield>
   <marc:datafield ind1="1" ind2=" " tag="521">
      <marc:subfield code="a">FSK ab 16 freigegeben</marc:subfield>
   </marc:datafield>
   <marc:datafield ind1="1" ind2=" " tag="521">
      <marc:subfield code="a">16</marc:subfield>
   </marc:datafield>
   <marc:datafield ind1=" " ind2=" " tag="338">
      <marc:subfield code="a">Band</marc:subfield>
   </marc:datafield>
   <marc:datafield ind1=" " ind2=" " tag="300">
      <marc:subfield code="a">469 Seiten</marc:subfield>
   </marc:datafield>
</marc:record>
